| 000 | 00686nmm a2200205Ia 4500 | ||
|---|---|---|---|
| 008 | 251105s9999||||xx |||||||||||||||||und|| | ||
| 020 | _a1882528336 | ||
| 041 | _aeng | ||
| 100 | _aSantos y Vargas, L. | ||
| 245 | 0 | _aHumanities and the health sciences : a collaborative project or faculty development and curricular revision: a Puerto Rican experience | |
| 264 |
_a[Washington, Estados Unidos] : _bScripta Humanistica, _c2001 |
||
| 300 | _a250 páginas | ||
| 490 | _aHealth Sciences | ||
| 650 | _aMedicine | ||
| 700 | _aSantos y Vargas, L. | ||
| 700 | 1 | _a Ferrer, J. | |
| 700 | 1 | _a Damiani, B M. (eds.) | |
| 856 | _uhttps://public.digitaliapublishing.com/a/210 | ||
| 942 | _cCF | ||
| 999 |
_c71159 _d71159 |
||